000 00611cab a2200205 4500
001 WB2924-09
008 090401t1993 xxu||||| |||| 00| 0 eng d
035 _a(Sirsi) u58969
041 _aeng
245 _aLondon homes on verge of collapse
260 _c1993
350 _a0
490 _aEvening Standard
_v23 June 1993, 6(1)
520 _aOne London home in three is unfit to live in according to a report from the Association of London Authorities.
650 _aHOUSING STANDARDS
650 _aUNFIT HOUSES
690 _aBUILT ENVIRONMENT-BUILDING PATHOLOGY
942 _n0
948 _c04/03/1997
999 _c36092
_d36092